000 00606cam a22002171 4500
001 sa 65000839
003 DLC
005 20260227112105.0
008 890321q io 000 0 ind
010 _asa 65000839
035 _a(OCoLC)23563604
040 _aDLC
_cMiU
_dDLC
042 _apremarc
043 _aa-io---
050 0 0 _aDS644
_b.S45
100 1 _aSiauw, Giok Tjhan.
245 1 0 _aGotongrojong Nasakom untuk melaksanakan Ampera.
260 _a[Djakarta]
_bBagian Penerbitan Baperki
_c[cover 1963]
300 _a110 p.
_c22 cm.
651 0 _aIndonesia
_xPolitics and government
_y1950-1966.
999 _c61776
_d61776